Geosphere : (Registro nro. 7366)
[ vista simple ]
| 000 -CABECERA | |
|---|---|
| Campo de control | 00786nam a22002417a 4500 |
| 005 - FECHA Y HORA DE LA ULTIMA TRANSACCION | |
| Campo de control | 20130712163114.0 |
| 008 - ELEMENTOS DE LONGITUD FIJA—INFORMACION GENERAL | |
| Campo de control | 130712b2008 xxu||||| |||| 00| 0 spa d |
| 020 ## - ISBN | |
| ISBN | 9780816062171 |
| 041 ## - IDIOMA | |
| Código de idioma para texto/pista de sonido o título separado | Inglés |
| 044 ## - PAÍS DE PUBLICACIÓN | |
| País de publicación | Estados Unidos |
| 082 ## - NUMERO DE CLASIFICACION DECIMAL DEWEY | |
| Número de clasificación | 333.73 |
| Número del ítem | D467g |
| 100 1# - ASIENTO PRINCIPAL--NOMBRE PERSONAL | |
| Nombre personal | Desonie, Dana |
| 245 10 - MENCION DE TITULO | |
| Título | Geosphere : |
| Parte restante del título | the land and its uses / |
| Mención de responsabilidad | Dana Desonie |
| 260 ## - PUBLICACION, DISTRIBUCION, ETC. (PIE DE IMPRENTA) | |
| Lugar de publicación, distribución, etc. | New York, NY : |
| Nombre del editor, distribuidor, etc. | Chelsea House, |
| Fecha de publicación, distribución, etc. | c2008 |
| 300 ## - DESCRIPCION FISICA | |
| Extensión | xiv, 200 p. : |
| Otros detalles físicos | il., mapas; |
| Dimensiones | 24 cm. |
| 490 ## - MENCION DE SERIE | |
| Mención de serie | Our fragile planet |
| 504 ## - NOTA DE BIBLIOGRAFIA, ETC. | |
| Nota de bibliografía | Incluye referencias bibliográficas e índice |
| 650 #0 - ASIENTO SECUNDARIO DE MATERIA - TERMINO TEMATICO | |
| Término temático o nombre geográfico como elemento de entrada | Usos de la tierra |
| Subdivisión general | Aspectos ambientales |
| 650 #0 - ASIENTO SECUNDARIO DE MATERIA - TERMINO TEMATICO | |
| Término temático o nombre geográfico como elemento de entrada | Naturaleza |
| Subdivisión general | Efectos en los seres humanos |
| 650 #0 - ASIENTO SECUNDARIO DE MATERIA - TERMINO TEMATICO | |
| Término temático o nombre geográfico como elemento de entrada | Administración ambiental |
| 650 #0 - ASIENTO SECUNDARIO DE MATERIA - TERMINO TEMATICO | |
| Término temático o nombre geográfico como elemento de entrada | Desarrollo sustentable |
| 942 ## - ELEMENTOS ADICIONALES (KOHA) | |
| Sistema de clasificación | Dewey Decimal Classification |
| Tipo de ítem | |
| Withdrawn status | Lost status | Sistema de Clasificación | Damaged status | No para préstamo | Colección | Ubicación Permanente | Ubicación actual | Fecha de adquisición | Total Checkouts | Número topográfico | Inventario / Código de Barras | Date last seen | Ejemplar | Price effective from | Forma de adquisición | Tipo de material |
|---|---|---|---|---|---|---|---|---|---|---|---|---|---|---|---|---|
| Dewey Decimal Classification | General | Sala Fabio Quevedo | Sala Fabio Quevedo | 12/07/2013 | LB 333.73 D467g | 028366 | 12/07/2013 | Ej. 1 | 12/07/2013 | Libro |